|
|
|
|
| LEADER |
00000nam0a2200000 4500 |
| 001 |
15022 |
| 005 |
20231030190004.0 |
| 035 |
|
|
|a (RuTPU)RU\TPU\book\15124
|
| 035 |
|
|
|a BOOK00000050
|
| 090 |
|
|
|a 15022
|
| 100 |
|
|
|a 20011209d1999 k f0rusy50 ca
|
| 101 |
0 |
|
|a rus
|
| 102 |
|
|
|a RU
|
| 105 |
|
|
|a y ln 000zy
|
| 200 |
1 |
|
|a Директива Совета Европейского Союза 98/83/ЕС по качеству воды, предназначенной для потребления человеком
|e от 3 ноября 1998 г.
|
| 210 |
|
|
|a Москва
|d 1999
|
| 215 |
|
|
|a 54 с.
|
| 610 |
1 |
|
|a вода
|
| 610 |
1 |
|
|a качество
|
| 610 |
1 |
|
|a Европейский Союз
|
| 610 |
1 |
|
|a директивы
|
| 610 |
1 |
|
|a стандарты
|
| 675 |
|
|
|a 628.1
|v 3
|
| 801 |
|
0 |
|a RU
|b 63413507
|c 20011209
|g PSBO
|
| 801 |
|
2 |
|a RU
|b 63413507
|c 20080215
|g PSBO
|
| 942 |
|
|
|c BK
|